[Event "Munich OIS op 37th"]
[Site "Munich"]
[Date "2017.10.05"]
[Round "6"]
[White "Huber, Edwin"]
[Black "Demir, Bilal"]
[Result "1-0"]
[WhiteElo "2125"]
[BlackElo "2069"]
[PlyCount "67"]
[EventDate "2017.09.30"]
[EventType "swiss"]
[EventRounds "9"]
[EventCountry "GER"]
[SourceTitle "CBM 181 Extra"]
[Source "ChessBase"]
[SourceDate "2017.12.12"]
[SourceVersion "1"]
[SourceVersionDate "2017.12.12"]
[SourceQuality "1"]

1. d4 Nf6 2. c4 c5 3. d5 e5 4. Nc3 d6 5. g3 Be7 6. e4 0-0 7. h4 Na6 8. Bh3 Nc7 9. Qd3 a6 10. a4 b6 11. Bxc8 Qxc8 12. Nge2 Qd7 13. f3 Rab8 14. Kf2 b5 15. axb5 axb5 16. b3 Rb7 17. Kg2 Rfb8 18. Bd2 Qc8 19. Ra2 Bf8 20. Rha1 g6 21. g4 bxc4 22. bxc4 Rb3 23. Ra3 Be7 24. Rxb3 Rxb3 25. Qc2 Qb8 26. Nb5 Rxb5 27. cxb5 Qxb5 28. Bh6 Bf8 29. Rb1 Qd7 30. Rb8 Nce8 31. Bd2 h6 32. Qb2 Qa7 33. g5 hxg5 34. hxg5 1-0

[Event "Munich OIS op 37th"]
[Site "Munich"]
[Date "2017.10.03"]
[Round "4"]
[White "Steinbacher, Matthias"]
[Black "Demir, Bilal"]
[Result "1-0"]
[WhiteElo "2185"]
[BlackElo "2069"]
[PlyCount "71"]
[EventDate "2017.09.30"]
[EventType "swiss"]
[EventRounds "9"]
[EventCountry "GER"]
[SourceTitle "CBM 181 Extra"]
[Source "ChessBase"]
[SourceDate "2017.12.12"]
[SourceVersion "1"]
[SourceVersionDate "2017.12.12"]
[SourceQuality "1"]

1. d4 d6 2. g3 f5 3. Bg2 Nf6 4. Nh3 g6 5. c3 Bg7 6. Qb3 c6 7. Nf4 e5 8. Ne6 Bxe6 9. Qxe6+ Qe7 10. Qxe7+ Kxe7 11. dxe5 dxe5 12. e4 Nbd7 13. exf5 gxf5 14. Bh3 Ke6 15. Be3 Nd5 16. Nd2 Rhf8 17. Ne4 Nxe3 18. fxe3 Ke7 19. Rd1 Nf6 20. Nd6 Ng4 21. Bxg4 fxg4 22. e4 Rfd8 23. Nf5+ Kf7 24. 0-0 Kg8 25. Kf2 Bf8 26. Ke2 h5 27. h4 Rac8 28. Ne3 b5 29. Rf5 Bh6 30. Rxh5 Bxe3 31. Rxd8+ Rxd8 32. Kxe3 Rd1 33. Rxe5 Rb1 34. b4 Ra1 35. Rc5 Rxa2 36. Rxc6 1-0

[Event "Munich OIS op 37th"]
[Site "Munich"]
[Date "2017.10.02"]
[Round "3"]
[White "Demir, Bilal"]
[Black "Kivisto, Mikko"]
[Result "1/2-1/2"]
[WhiteElo "2069"]
[BlackElo "2257"]
[PlyCount "42"]
[EventDate "2017.09.30"]
[EventType "swiss"]
[EventRounds "9"]
[EventCountry "GER"]
[SourceTitle "CBM 181 Extra"]
[Source "ChessBase"]
[SourceDate "2017.12.12"]
[SourceVersion "1"]
[SourceVersionDate "2017.12.12"]
[SourceQuality "1"]

1. d4 d5 2. c4 e6 3. Nf3 Nf6 4. Nc3 Be7 5. g3 0-0 6. Bg2 b6 7. b3 Bb7 8. 0-0 Ne4 9. Bb2 Nd7 10. Nxe4 dxe4 11. Nd2 f5 12. e3 c5 13. f3 exf3 14. Bxf3 Bxf3 15. Nxf3 Bf6 16. Qe2 Qc7 17. Rad1 Rae8 18. Rfe1 e5 19. dxe5 Nxe5 20. Nxe5 Bxe5 21. Bxe5 Rxe5 1/2-1/2

[Event "Bayern-ch"]
[Site "Rosenheim"]
[Date "2017.08.24"]
[Round "7"]
[White "Demir, Bilal"]
[Black "Boes, Christoph"]
[Result "1-0"]
[WhiteElo "2069"]
[BlackElo "1949"]
[PlyCount "59"]
[EventDate "2017.08.20"]
[EventType "swiss"]
[EventRounds "9"]
[EventCountry "GER"]
[SourceTitle "EXT 2019"]
[Source "ChessBase"]
[SourceDate "2018.10.10"]
[SourceVersion "1"]
[SourceVersionDate "2018.10.10"]
[SourceQuality "1"]

1. e4 c5 2. c3 d5 3. exd5 Qxd5 4. d4 Nc6 5. Nf3 Bg4 6. dxc5 Qxd1+ 7. Kxd1 e5 8. b4 e4 9. h3 Bxf3+ 10. gxf3 exf3 11. Nd2 Be7 12. Bb5 Bf6 13. Bxc6+ bxc6 14. Kc2 Ne7 15. Nxf3 Nd5 16. Re1+ Kd7 17. Ne5+ Kc7 18. Bd2 Rhe8 19. Nd3 Red8 20. Rab1 a5 21. b5 cxb5 22. Rxb5 Kc6 23. c4 Nb4+ 24. Bxb4 axb4 25. Nxb4+ Kc7 26. Rb6 Bh4 27. Re4 Bxf2 28. Nd5+ Kc8 29. Rc6+ Kb7 30. Re7+ 1-0

[Event "Bayern-ch"]
[Site "Rosenheim"]
[Date "2017.08.22"]
[Round "4"]
[White "Demir, Bilal"]
[Black "Nagy, Laszlo3"]
[Result "1/2-1/2"]
[WhiteElo "2069"]
[BlackElo "1953"]
[PlyCount "75"]
[EventDate "2017.08.20"]
[EventType "swiss"]
[EventRounds "9"]
[EventCountry "GER"]
[SourceTitle "EXT 2019"]
[Source "ChessBase"]
[SourceDate "2018.10.10"]
[SourceVersion "1"]
[SourceVersionDate "2018.10.10"]
[SourceQuality "1"]

1. d4 Nf6 2. Nc3 g6 3. e4 d6 4. g3 Bg7 5. Bg2 0-0 6. Nge2 Nbd7 7. 0-0 a6 8. h3 c5 9. Be3 cxd4 10. Bxd4 e6 11. Qd2 Qc7 12. Rad1 Ne5 13. b3 Ne8 14. f4 Nc6 15. Bxg7 Kxg7 16. g4 h6 17. f5 Ne5 18. Nd4 Qe7 19. Rf2 Qg5 20. Qe2 Rh8 21. Rdf1 h5 22. gxh5 Qxh5 23. Qxh5 Rxh5 24. Na4 Nc7 25. Nb6 Rb8 26. c4 exf5 27. Nxc8 Rxc8 28. exf5 b6 29. fxg6 fxg6 30. Nc6 Ne6 31. Nxe5 dxe5 32. Rf7+ Kh6 33. Rd1 Nf4 34. Rdd7 Rh8 35. Rfe7 Rg5 36. Rd2 Nxh3+ 37. Kh2 Nf4 38. Rb7 1/2-1/2